01276nam a2200325Ia 4500001001200000003000800012006001900020007001500039008004100054010001700095020001500112020001800127020001800145040002100163035002100184050002500205082001500230100003100245245010600276260004800382300002300430440004400453504006600497533015200563650003600715650002700751655002900778710001700807856012600824ebr10598125CaPaEBRm u cr cn|||||||||930204s1993 gw a sb 001 0 eng d z 93016400  z3110137658 z9783110137651 z9783110889314 aCaPaEBRcCaPaEBR a(OCoLC)81550534314aQA297.8b.S74 1993eb04a511/.42201 aSteinmetz, Norbert,d1949-10aRational iterationh[electronic resource] :bcomplex analytic dynamical systems /cNorbert Steinmetz. aBerlin ;aNew York :bW. de Gruyter,c1993. avi, 189 p. :bill. 0aDe Gruyter studies in mathematics ;v16 aIncludes bibliographical references (p. [183]-187) and index. aElectronic reproduction.bPalo Alto, Calif. :cebrary,d2011.nAvailable via World Wide Web.nAccess may be limited to ebrary affiliated libraries. 0aIterative methods (Mathematics) 0aMappings (Mathematics) 7aElectronic books.2local2 aebrary, Inc.40uhttp://site.ebrary.com/lib/rucke/Doc?id=10598125zAn electronic book accessible through the World Wide Web; click to view